| 000 | 004910000a22001570004500 | ||
|---|---|---|---|
| 003 | MACL | ||
| 005 | 20170801124422.0 | ||
| 008 | 170801b xxu||||| |||| 00| 0 eng d | ||
| 040 | _cmacl | ||
| 100 |
_aगर्ग, कृष्ण कुमार _968449 |
||
| 245 | _aयोग विज्ञान | ||
| 260 |
_bअत्माराम एण्ड संस _c2000 _aदिल्ली |
||
| 350 | _a300 | ||
| 650 |
_aमेडिकल _968450 |
||
| 942 |
_cHIN _k610 _2ddc |
||
| 999 |
_c12232 _d12232 |
||